000 00592nam a2200205 a 4500
005 20140310183143.0
008 020820s19uu xx 00 eng d
020 _a0534517390
050 _aHF 5548.4.M523
_b.W435 2001
100 _aWeida, Nancy C.
245 _aOperations analysis using microsoft excel /
_cNancy C. Weida.
260 _aCanada :
_bDuxbury,
_c2001.
300 _a370 p. :
_bill. ;
_c25 cm.
521 _aIT
650 _aMicrosoft excel for windows
650 _aproduction management
650 _aElectronic spreadsheets
942 _cBK
_2lcc
_kFOR
999 _c19463
_d19463